|
|
|
|
| LEADER |
01353nam a2200361Ia 4500 |
| 001 |
EBC661480 |
| 003 |
MiAaPQ |
| 005 |
20200520144314.0 |
| 006 |
m o d | |
| 007 |
cr cn||||||||| |
| 008 |
101025s2011 njua s 001 0 eng d |
| 010 |
|
|
|z 2010045235
|
| 020 |
|
|
|z 9780470770382 (hardback)
|
| 035 |
|
|
|a (MiAaPQ)EBC661480
|
| 035 |
|
|
|a (Au-PeEL)EBL661480
|
| 035 |
|
|
|a (CaPaEBR)ebr10447809
|
| 035 |
|
|
|a (CaONFJC)MIL302668
|
| 035 |
|
|
|a (OCoLC)706454514
|
| 040 |
|
|
|a MiAaPQ
|c MiAaPQ
|d MiAaPQ
|
| 050 |
|
4 |
|a HG4515.95
|b .Z83 2011
|
| 082 |
0 |
4 |
|a 332.64/20285
|2 22
|
| 100 |
1 |
|
|a Zubulake, Paul.
|
| 245 |
1 |
4 |
|a The high frequency game changer
|h [electronic resource] :
|b how automated trading strategies have revolutionized the markets /
|c Paul Zubulake, Sang Lee.
|
| 260 |
|
|
|a Hoboken, NJ :
|b Wiley,
|c 2011.
|
| 300 |
|
|
|a xiii, 162 p. :
|b ill.
|
| 490 |
0 |
|
|a Wiley trading series
|
| 500 |
|
|
|a Includes index.
|
| 533 |
|
|
|a Electronic reproduction. Ann Arbor, MI : ProQuest, 2015. Available via World Wide Web. Access may be limited to ProQuest affiliated libraries.
|
| 650 |
|
0 |
|a Electronic trading of securities
|z United States.
|
| 650 |
|
0 |
|a Investment analysis
|z United States.
|
| 655 |
|
4 |
|a Electronic books.
|
| 700 |
1 |
|
|a Lee, Sang.
|
| 856 |
4 |
0 |
|u https://ebookcentral.proquest.com/lib/matrademy/detail.action?docID=661480
|z Click to View
|